000 00299nam a22001337a 4500
008 170504b xxu||||| |||| 00| 0 eng d
020 _a9780314189882
041 _aeng
080 _212TH
_a343.9
100 _a15
101 _aSHJ
245 _aBASIC CRIMINAL PROCEDURE
_cKAMISAR
942 _2udc
_cBK
999 _c12689
_d12689